Cedar point rollercoasters Quiz Stats

 Plays Quiz not verified by Sporcle

Score 0/17 Timer 03:00
0 Plays Today
% Correct
top thrill dragster
90.6%
raptor
87.1%
maverick
82%
blue streak
81.3%
mean streak
81.3%
gemini
79.9%
mantis
78.4%
magnum
77%
millennium force
73.4%
% Correct
wicked twister
69.1%
iron dragon
65.5%
corkscrew
57.6%
cedar creek mine ride
54%
jr gemini
51.8%
disaster transport
51.1%
woodstock express
51.1%
wildcat
45.3%

You're not logged in!

Compare scores with friends on all Sporcle quizzes.
OR
Log In

Show Comments

Extras

Created Oct 12, 2010ReportNominate
Tags:cedar, point, rollercoaster

Top Quizzes Today


Score Distribution

Your Account Isn't Verified!

In order to create a playlist on Sporcle, you need to verify the email address you used during registration. Go to your Sporcle Settings to finish the process.

Report this User

Report this user for behavior that violates our Community Guidelines.

Details: